000 00947nam a2200229Ia 4500
999 _c39184
_d39184
001 5769
003 GE_BSU
005 20190423105625.0
008 181216s1985||||ge |||||||||||||| ||geo||
040 _cGE_BSU
041 _ageo
080 _a624.04(075.8) ჟ-84
100 _aჟორჟოლიანი,ნ
_9380
245 _aნაგებობათა დინამიკა და მდგრადობა :
_bდამხმ. სახელმძღ. /
_cნ. ჟორჯოლიანი, შ. რთველაძე.
245 _bდამხმ. სახელმძღ.
264 _aთბილისი :
_bსპი,
_c1985.
300 _a112 გვ. :
_bილ.,
_c20 სმ.
504 _aბიბლიოგრ. : გვ.110-111.
653 _aნაგებობათა დინამიკა და მდგრადობა
700 _aრთველაძე,შ.
_9381
942 _cBK
_2udc